000 00339nam a2200133Ia 4500
008 100328s9999 xx 000 0 und d
082 _b59391
100 _aकुळकर्णी पदेमा.
245 _aमेघदूत.
260 _b---
630 _aमेघदूत.
730 _aमेघदूत.
942 _cBOOK
999 _c545624
_d545621